00460 2200157 4500001002100000005001500021035002000036245010100056100001900157300002600176260004400202082000800246084001400254020002200268990001200290INLIS00000000000255420250605103310 a0010-06250001401 aPanduan Antibullying Untuk Siswa & Panduan Antibullying Untuk Pendamping Siswa /cTim Sudah Dong0 aTim Sudah Dong a103 hlm ;c15 x 23 cm aJakarta :bEsensi Erlangga Group,c2022 a300 a300 TIM p a978-623-7478-44-7 a0754886